00297nam a2200109 a 4500008004100000050001600041100001600057245004500073260003800118300002200156350000900178120416s1975 ||||||||||||||||| || u aHF 5630 Ros aRosen, L. S10aIntroduction to accounting case analysis aLondonbMcGraw-Hill Ryersonc1975 aviii, 195p. : ill a0.00